History Quiz

Random History or Letter Quiz

Six Letter History A-Z Quiz Stats

Quiz Updated Oct 14, 2016

Challenge
Share
Tweet
Embed
Score 0/26 Timer 04:00
4 Plays Today
Clue 6-Letter Word % Correct
The only Jewish-majority countryIsrael
95.9%
City where JFK was assassinatedDallas
93.6%
League of Nations successor: ______ Nations United
93.4%
Black Death in 14th century EuropePlague
93%
Cuban politician and revolutionaryCastro
91.8%
Elizabeth I and NefertitiQueens
91.4%
English king known as the ConfessorEdward
88.2%
______-Prussian War (1870-1)Franco
87.9%
Leader of Indian independenceGandhi
87.7%
Spanish fleet of 130 ships against England (1588)Armada
87.5%
German word for 'emperor'Kaiser
80.3%
English physicist and mathematician Newton
79.6%
Major trail for 19th century American wagon trainsOregon
78.4%
Clue 6-Letter Word % Correct
Confederate vs ______Yankee
73.2%
Hill of early American Revolutionary War battleBunker
72.2%
Location of the Colossus ancient wonderRhodes
71.3%
King of the Achaemenid Empire of PersiaXerxes
67.3%
US President or UK Prime MinisterWilson
66.3%
Replaced by the Gregorian calendarJulian
66.2%
Filmmaker and aviation tycoon who suffered OCDHughes
65.7%
Martin Luther's 95 ______Theses
60.5%
17th Century Royal House of Scotland and EnglandStuart
54.8%
Poet of the epic 'Aeneid'Virgil
53.2%
Critical naval victory in Pacific Theater for USMidway
52%
Hanseatic ______League
45.1%
Rebel leader during Mexican RevolutionZapata
44.3%

You're not logged in!

Compare scores with friends on all Sporcle quizzes.
Join for Free
OR
Log In

You Might Also Like...

Show Comments

Extras

Top Quizzes Today


Score Distribution

Your Account Isn't Verified!

In order to create a playlist on Sporcle, you need to verify the email address you used during registration. Go to your Sporcle Settings to finish the process.

Report this User

Report this user for behavior that violates our Community Guidelines.

Details: